[Event "SLO-ch 28th"]
[Site "Ljubljana"]
[Date "2018.05.04"]
[Round "9"]
[White "Klemencic, Marjan"]
[Black "Lapanje, Ajda"]
[Result "1-0"]
[WhiteElo "1357"]
[BlackElo "1231"]
[PlyCount "81"]
[EventDate "2018.04.27"]
[EventType "swiss"]
[EventRounds "9"]
[EventCountry "SLO"]
[SourceTitle "CBM 184 Extra"]
[Source "ChessBase"]
[SourceDate "2018.06.28"]
[SourceVersion "1"]
[SourceVersionDate "2018.06.28"]
[SourceQuality "1"]

1. d4 d5 2. Bf4 Nc6 3. e3 Bf5 4. a3 a6 5. c4 e6 6. c5 b6 7. b4 a5 8. b5 Nb8 9. c6 Bd6 10. Bg3 Nf6 11. Bd3 Bg6 12. Nf3 0-0 13. Ne5 Bh5 14. Be2 Bg6 15. 0-0 Ne4 16. Nxg6 fxg6 17. Bf3 Nxg3 18. fxg3 Qg5 19. Qe2 a4 20. Nc3 Bxg3 21. hxg3 Qxg3 22. Bg4 Re8 23. Rf2 Nxc6 24. bxc6 Rf8 25. Bxe6+ Kh8 26. Raf1 Qd6 27. Rxf8+ Rxf8 28. Rxf8+ Qxf8 29. Nb5 Qe7 30. Bxd5 Qg5 31. Nxc7 Qd8 32. Qa6 h5 33. Qa8 Qxa8 34. Nxa8 b5 35. c7 Kh7 36. c8Q Kh6 37. Qh8+ Kg5 38. Qxg7 Kh4 39. Qxg6 b4 40. g3+ Kh3 41. Be6# 1-0

[Event "SLO-ch 28th"]
[Site "Ljubljana"]
[Date "2018.05.02"]
[Round "7"]
[White "Klemencic, Marjan"]
[Black "Jersic, Aleks"]
[Result "0-1"]
[WhiteElo "1357"]
[BlackElo "1688"]
[PlyCount "88"]
[EventDate "2018.04.27"]
[EventType "swiss"]
[EventRounds "9"]
[EventCountry "SLO"]
[SourceTitle "CBM 184 Extra"]
[Source "ChessBase"]
[SourceDate "2018.06.28"]
[SourceVersion "1"]
[SourceVersionDate "2018.06.28"]
[SourceQuality "1"]

1. Nf3 Nf6 2. d4 d5 3. Bf4 e6 4. a3 Bd6 5. Bg3 Bxg3 6. hxg3 Nbd7 7. e3 b6 8. Nbd2 Bb7 9. Bd3 Qe7 10. Ng5 0-0-0 11. 0-0 h5 12. f3 h4 13. g4 Rdf8 14. Nh3 Nh7 15. Qe2 Qd6 16. Ba6 f5 17. Bxb7+ Kxb7 18. f4 fxg4 19. Qxg4 Nhf6 20. Qf3 Nh7 21. c4 Rhg8 22. cxd5 Qxd5 23. Rac1 g5 24. Qxd5+ exd5 25. fxg5 Nxg5 26. Nxg5 Rxg5 27. Rxf8 Nxf8 28. Nf3 Rg4 29. Kh2 Re4 30. Rc3 Ng6 31. b4 Ne7 32. Ng5 Rg4 33. Ne6 c6 34. b5 Rg6 35. Nd8+ Kc7 36. Nxc6 Nxc6 37. Rxc6+ Rxc6 38. bxc6 Kxc6 39. Kh3 b5 40. Kg4 a5 41. Kf3 b4 42. axb4 a4 43. Kg4 a3 44. Kxh4 a2 0-1

[Event "SLO-ch 28th"]
[Site "Ljubljana"]
[Date "2018.04.30"]
[Round "5"]
[White "Klemencic, Marjan"]
[Black "Babic, Miroslav"]
[Result "0-1"]
[WhiteElo "1357"]
[BlackElo "1685"]
[PlyCount "76"]
[EventDate "2018.04.27"]
[EventType "swiss"]
[EventRounds "9"]
[EventCountry "SLO"]
[SourceTitle "CBM 184 Extra"]
[Source "ChessBase"]
[SourceDate "2018.06.28"]
[SourceVersion "1"]
[SourceVersionDate "2018.06.28"]
[SourceQuality "1"]

1. Nf3 e6 2. d4 d5 3. Bf4 Nd7 4. e3 Ngf6 5. a3 c6 6. c4 Be7 7. c5 b6 8. b4 a5 9. Nc3 0-0 10. Bd3 Bb7 11. 0-0 Re8 12. Qc2 h6 13. e4 dxe4 14. Nxe4 Nxe4 15. Bxe4 Nf6 16. Bg6 Nd5 17. Bxf7+ Kxf7 18. Ne5+ Kg8 19. Bxh6 Bf6 20. Qg6 Qe7 21. Rfe1 axb4 22. axb4 Nxb4 23. cxb6 c5 24. Rac1 Bxe5 25. Rxe5 Qf7 26. Qg3 g6 27. Rg5 Be4 28. dxc5 Nc6 29. h3 Nd4 30. Qe3 Nf5 31. Qxe4 Kh7 32. c6 Kxh6 33. f4 Ra2 34. b7 Qc7 35. g4 Qb6+ 36. Kh1 Qf2 37. Rxg6+ Kxg6 38. gxf5+ Kh5 0-1

[Event "SLO-ch 28th"]
[Site "Ljubljana"]
[Date "2018.04.29"]
[Round "4"]
[White "Bajo, Tin"]
[Black "Klemencic, Marjan"]
[Result "1-0"]
[WhiteElo "1946"]
[BlackElo "1357"]
[PlyCount "107"]
[EventDate "2018.04.27"]
[EventType "swiss"]
[EventRounds "9"]
[EventCountry "SLO"]
[SourceTitle "CBM 184 Extra"]
[Source "ChessBase"]
[SourceDate "2018.06.28"]
[SourceVersion "1"]
[SourceVersionDate "2018.06.28"]
[SourceQuality "1"]

1. e4 d6 2. d4 g6 3. Nc3 Bg7 4. Be3 Nc6 5. Qd2 f5 6. f3 a6 7. a4 e5 8. dxe5 Nxe5 9. Bg5 Nf6 10. f4 Nf7 11. Bxf6 Qxf6 12. Bd3 0-0 13. Nge2 Be6 14. 0-0 c6 15. Ng3 Qd4+ 16. Kh1 Nh6 17. Rae1 Rae8 18. Re2 c5 19. exf5 gxf5 20. Rfe1 Rf6 21. Qe3 Qxe3 22. Rxe3 Kf7 23. Nd5 Rg6 24. Nc7 Bd4 25. Rxe6 Ng4 26. Rxe8 Nf2+ 27. Kg1 Nxd3+ 28. Kf1 Nxe1 29. Rxe1 Bxb2 30. Nxf5 Rf6 31. g4 Kg6 32. Re6 b5 33. Rxf6+ Kxf6 34. axb5 axb5 35. Nxb5 Bc1 36. Ng3 d5 37. Kf2 Ke6 38. Kf3 c4 39. g5 Kd7 40. Ne2 Bb2 41. f5 Be5 42. h4 Kc6 43. Nbd4+ Kd6 44. c3 Kc7 45. Kg4 Kd7 46. f6 Ke8 47. Kf5 Bd6 48. h5 Kf7 49. g6+ hxg6+ 50. hxg6+ Kg8 51. g7 Kf7 52. Nc6 d4 53. Nd8+ Kg8 54. Kg6 1-0

[Event "Bled op"]
[Site "Bled"]
[Date "2017.03.12"]
[Round "4"]
[White "Roncevic, Lovro"]
[Black "Klemencic, Marjan"]
[Result "0-1"]
[WhiteElo "1075"]
[BlackElo "1363"]
[PlyCount "120"]
[EventDate "2017.03.10"]
[EventType "swiss"]
[EventRounds "5"]
[EventCountry "SLO"]
[SourceTitle "EXT 2019"]
[Source "ChessBase"]
[SourceDate "2018.10.10"]
[SourceVersion "1"]
[SourceVersionDate "2018.10.10"]
[SourceQuality "1"]

1. e4 e5 2. Nf3 Bc5 3. Bc4 d6 4. h3 h6 5. d3 Be6 6. Bb3 Nc6 7. Be3 Bb6 8. Nc3 Qd7 9. Qd2 Nf6 10. 0-0-0 Bxb3 11. cxb3 a6 12. Bxb6 cxb6 13. Kb1 0-0 14. g4 Ne7 15. g5 hxg5 16. Qxg5 Ng6 17. h4 Qg4 18. Qxg4 Nxg4 19. Rd2 Nf4 20. Rg1 Nxf2 21. Rxf2 Nh3 22. Rfg2 Nxg1 23. Nxg1 Kh7 24. Nd5 b5 25. Ne2 Rac8 26. Ne7 Rce8 27. Nf5 Re6 28. Nxg7 Rg6 29. Rxg6 fxg6 30. Ne6 Rf1+ 31. Kc2 Rh1 32. Ng5+ Kg8 33. Ne6 Rxh4 34. Kc3 Kf7 35. Nd8+ Ke7 36. Nxb7 g5 37. Na5 Kd7 38. b4 g4 39. Nb3 Rh3 40. Nd2 Rh2 41. Ng1 Rg2 42. Ndf3 gxf3 43. Nxf3 Kc6 44. Nd2 d5 45. exd5+ Kxd5 46. Ne4 Rg6 47. Nc5 a5 48. a3 a4 49. b3 Rc6 50. bxa4 bxa4 51. Kc2 Kd4 52. Kd2 Rh6 53. Kc2 Rh2+ 54. Kc1 Ra2 55. Nxa4 Rxa3 56. Nb2 Rb3 57. Kc2 Rxb4 58. Nd1 Rb8 59. Nb2 Rxb2+ 60. Kxb2 Kxd3 0-1

[Event "Bled op"]
[Site "Bled"]
[Date "2017.03.11"]
[Round "2"]
[White "Klemencic, Marjan"]
[Black "Bulatovic, Milorad"]
[Result "0-1"]
[WhiteElo "1363"]
[BlackElo "1869"]
[PlyCount "61"]
[EventDate "2017.03.10"]
[EventType "swiss"]
[EventRounds "5"]
[EventCountry "SLO"]
[SourceTitle "EXT 2019"]
[Source "ChessBase"]
[SourceDate "2018.10.10"]
[SourceVersion "1"]
[SourceVersionDate "2018.10.10"]
[SourceQuality "1"]

1. d4 Nf6 2. Bf4 g6 3. e3 Nh5 4. Bg3 Bg7 5. c4 d6 6. Nc3 Nxg3 7. hxg3 Nd7 8. Nf3 c5 9. Bd3 b6 10. Qb3 Bb7 11. Be4 Bxe4 12. Nxe4 Qc7 13. Rb1 Rc8 14. d5 h6 15. Nc3 0-0 16. Nb5 Qb7 17. Qd3 Rb8 18. e4 a6 19. Nc3 b5 20. b3 bxc4 21. Qxc4 f5 22. Ke2 Qc8 23. Nd1 Nf6 24. Ne3 Rb4 25. Qd3 Rxe4 26. Rbc1 Qb7 27. Rc4 Rxc4 28. Qxc4 Re8 29. Nd2 e6 30. dxe6 Rxe6 31. Kd3 0-1

[Event "SLO-ch"]
[Site "Otocec"]
[Date "2016.04.29"]
[Round "7"]
[White "Medvesek, Janez"]
[Black "Klemencic, Marjan"]
[Result "1-0"]
[WhiteElo "1507"]
[BlackElo "1388"]
[PlyCount "111"]
[EventDate "2016.04.23"]
[EventType "swiss"]
[EventRounds "9"]
[EventCountry "SLO"]
[SourceTitle "CBM 172 Extra"]
[Source "ChessBase"]
[SourceDate "2016.06.21"]
[SourceVersion "1"]
[SourceVersionDate "2016.06.21"]
[SourceQuality "1"]

1. d4 d5 2. c4 Bf5 3. Nc3 e6 4. cxd5 exd5 5. Qb3 Nc6 6. Be3 Bb4 7. Nf3 Nf6 8. a3 Bxc3+ 9. Qxc3 0-0 10. Bg5 Qd6 11. Nd2 Rfe8 12. e3 a6 13. Be2 Ne4 14. Nxe4 Bxe4 15. f3 Qg6 16. Bf4 Qxg2 17. Rf1 Bg6 18. Rf2 Qh3 19. Qb3 Qd7 20. Qxb7 Ra7 21. Qb3 Rb8 22. Qc3 a5 23. Rc1 Rb6 24. b3 Qe7 25. Qc5 Qxc5 26. Rxc5 Rab7 27. Bd1 f6 28. Rxd5 Bf7 29. Rc5 Bxb3 30. Bxb3+ Rxb3 31. Rxc6 Rb1+ 32. Kd2 R1b3 33. Rxc7 R7b5 34. Rc3 Rb2+ 35. Rc2 R2b3 36. Bd6 a4 37. Rg2 Kf7 38. Bb4 g5 39. Rg1 h5 40. Rgc1 Rf5 41. Ke2 g4 42. fxg4 hxg4 43. Rc3 Rb2+ 44. R1c2 Rb1 45. Bd6 Rff1 46. Bf4 Rbd1 47. Rd2 Rb1 48. d5 Rg1 49. d6 Rb3 50. Rc7+ Kg6 51. Kf2 Rbb1 52. d7 Rgf1+ 53. Kg3 Kh5 54. Rc5+ Kg6 55. d8Q Rg1+ 56. Kh4 1-0

[Event "SLO-ch"]
[Site "Otocec"]
[Date "2016.04.28"]
[Round "6"]
[White "Klemencic, Marjan"]
[Black "Danculovic, Jovica"]
[Result "0-1"]
[WhiteElo "1388"]
[BlackElo "1787"]
[PlyCount "110"]
[EventDate "2016.04.23"]
[EventType "swiss"]
[EventRounds "9"]
[EventCountry "SLO"]
[SourceTitle "CBM 172 Extra"]
[Source "ChessBase"]
[SourceDate "2016.06.21"]
[SourceVersion "1"]
[SourceVersionDate "2016.06.21"]
[SourceQuality "1"]

1. d4 d5 2. Bf4 Nf6 3. e3 Bf5 4. Nf3 e6 5. a3 Nbd7 6. Nbd2 Be7 7. c4 c6 8. c5 Nh5 9. Bg3 Nxg3 10. hxg3 h6 11. Nh4 Bh7 12. Nb3 e5 13. Nf3 Bf6 14. Nfd2 0-0 15. Be2 Re8 16. Nf3 Qe7 17. 0-0 exd4 18. Nfxd4 Nxc5 19. Nxc5 Qxc5 20. Rc1 Qb6 21. b4 Bxd4 22. exd4 a6 23. Bf3 a5 24. Rc3 axb4 25. axb4 Qxb4 26. Rb3 Qe7 27. Re3 Qd7 28. Rfe1 Rxe3 29. Rxe3 Re8 30. Rb3 g5 31. Bg4 f5 32. Bh5 Re7 33. g4 f4 34. Qa1 Kg7 35. Qa8 Bg8 36. Qb8 Be6 37. Qe5+ Kh7 38. Qf6 Bf7 39. Rh3 Qe6 40. Qf5+ Qxf5 41. gxf5 Bxh5 42. Rxh5 Rf7 43. Rh3 Rxf5 44. Rb3 Rf7 45. f3 Kg6 46. Kf2 Re7 47. Rc3 Kf7 48. Rb3 Ke8 49. Rb1 Kd8 50. Ra1 Kc7 51. g3 fxg3+ 52. Kxg3 Rf7 53. Ra3 Rf4 54. Rd3 b5 55. Kf2 g4 0-1

[Event "SLO-CupT"]
[Site "Ljubljana"]
[Date "2013.09.22"]
[Round "5.3"]
[White "Klemencic, Marjan"]
[Black "Zupancic, Klemen"]
[Result "1-0"]
[WhiteElo "1500"]
[BlackElo "1522"]
[PlyCount "109"]
[EventDate "2013.09.20"]
[EventType "team-swiss"]
[EventRounds "5"]
[EventCountry "SLO"]
[SourceTitle "EXT 2019"]
[Source "ChessBase"]
[SourceDate "2018.10.10"]
[SourceVersion "1"]
[SourceVersionDate "2018.10.10"]
[SourceQuality "1"]
[WhiteTeam "En Passant"]
[BlackTeam "Krsko Triglav"]
[WhiteTeamCountry "SLO"]
[BlackTeamCountry "SLO"]

1. d4 d5 2. c3 Nf6 3. Bf4 Bf5 4. Nf3 e6 5. e3 Bd6 6. Bg3 0-0 7. Bd3 Be4 8. Bxe4 Nxe4 9. Nbd2 Nxd2 10. Qxd2 c5 11. Rc1 cxd4 12. cxd4 Nc6 13. Bxd6 Qxd6 14. 0-0 Rac8 15. a3 b6 16. Qd3 h6 17. Rc3 Na5 18. Nd2 Rc7 19. b4 Rxc3 20. Qxc3 Nc6 21. Rc1 Rc8 22. Qd3 Qd7 23. Nb3 Ne7 24. b5 Rxc1+ 25. Nxc1 Qc7 26. Na2 Nf5 27. Qc3 Qxc3 28. Nxc3 Nd6 29. Kf1 Ne4 30. Nxe4 dxe4 31. Ke2 Kf8 32. f3 f5 33. fxe4 fxe4 34. Kf2 Kf7 35. Kg3 g5 36. h4 e5 37. dxe5 Ke6 38. hxg5 hxg5 39. Kg4 Kxe5 40. Kxg5 Kd5 41. Kf4 Kc4 42. g4 Kxb5 43. g5 Ka4 44. g6 Kxa3 45. g7 b5 46. g8Q a5 47. Kxe4 b4 48. Kd3 a4 49. Qg2 b3 50. Qb7 Ka2 51. Kc3 Kb1 52. Qb4 Ka2 53. Qxa4+ Kb1 54. Qxb3+ Ka1 55. Qb2# 1-0